CompTIA Linux+ powered by Linux Professional institute study guide : (Record no. 95843)
[ view plain ]
| 000 -LEADER | |
|---|---|
| fixed length control field | 00942nam a22002537a 4500 |
| 005 - DATE AND TIME OF LATEST TRANSACTION | |
| control field | 20160615105615.0 |
| 010 ## - LCCN (DPL NO) | |
| LC control number | 1516EN07 B-599114-120 ENG-115286 |
| 020 ## - INTERNATIONAL STANDARD BOOK NUMBER | |
| International Standard Book Number | 9788126555918 |
| Terms of availability | 799.00 |
| 035 ## - SYSTEM CONTROL NUMBER | |
| System control number | B-599114-120 |
| 035 ## - SYSTEM CONTROL NUMBER | |
| System control number | EN-98818 |
| 037 ## - SOURCE OF ACQUISITION | |
| Source of stock number/acquisition | Asian Book Center/Ven |
| Stock number | dpl |
| 037 ## - SOURCE OF ACQUISITION | |
| Source of stock number/acquisition | DBAD/PUB |
| 082 ## - DEWEY DECIMAL CLASSIFICATION NUMBER | |
| Classification number | 005.432 |
| 100 ## - MAIN ENTRY--PERSONAL NAME | |
| Personal name | Bresnahan, Christine |
| 245 00 - TITLE STATEMENT | |
| Title | CompTIA Linux+ powered by Linux Professional institute study guide : |
| Statement of responsibility, etc | by Christine Bresnahan [and] Richard Blum |
| Remainder of title | exams LX0-103 and exam LX0-104 / |
| 250 ## - EDITION STATEMENT | |
| Edition statement | 3rd ed |
| 260 ## - PUBLICATION, DISTRIBUTION, ETC. (IMPRINT) | |
| Place of publication, distribution, etc | New Delhi |
| Name of publisher, distributor, etc | Wiley India |
| Date of publication, distribution, etc | 2015(repr.) |
| 270 ## - ADDRESS | |
| Address | 4435-36/7,Ansari Road, Darya Ganj, |
| City | New Delhi |
| Postal code | 110002 |
| 300 ## - PHYSICAL DESCRIPTION | |
| Extent | li,634p. |
| Dimensions | 25cm(pbk) |
| 500 ## - GENERAL NOTE | |
| General note | Includes index |
| 700 ## - ADDED ENTRY--PERSONAL NAME | |
| Personal name | Blum,Richard |
| 942 ## - ADDED ENTRY ELEMENTS (KOHA) | |
| Source of classification or shelving scheme | Dewey Decimal Classification |
| Item type | English Books |
| Classification part | 005.432 |
| Call number suffix | BRE |
| Withdrawn status | Lost status | Not for loan | Collection code | Home library | Current library | Date acquired | Source of acquisition | Cost, normal purchase price | Full call number | Barcode | Copy number | Cost, replacement price | Koha item type |
|---|---|---|---|---|---|---|---|---|---|---|---|---|---|
| Non-fiction | Ashok Vihar | Ashok Vihar | 15/06/2016 | DBAD/PUB | 799.00 | 005.432 BRE | EN-98818 | 1 | 799.00 | English Books | |||
| Non-fiction | Patel Nagar | Bawana | 15/12/2015 | ABC/IN4654/23.09.2015/111/16.09.2015/30.09.2015 | 799.00 | 005.432 BRE | B-599119 | 1 | 799.00 | English Books | |||
| Non-fiction | Central Library | Central Library | 15/12/2015 | ABC/IN4654/23.09.2015/111/16.09.2015/30.09.2015 | 799.00 | 005.432 BRE | B-599114 | 1 | 799.00 | English Books | |||
| Not For Loan | Reference | Central Library | Central Library | 15/12/2015 | ABC/IN4654/23.09.2015/111/16.09.2015/30.09.2015 | 799.00 | 005.432 BRE | B-599115 | 1 | 799.00 | English Books | ||
| Non-fiction | Janak Puri | Janak Puri | 15/12/2015 | ABC/IN4654/23.09.2015/111/16.09.2015/30.09.2015 | 799.00 | 005.432 BRE | B-599117 | 1 | 799.00 | English Books | |||
| Non-fiction | Patel Nagar | Patel Nagar | 15/12/2015 | ABC/IN4654/23.09.2015/111/16.09.2015/30.09.2015 | 799.00 | 005.432 BRE | B-599116 | 1 | 799.00 | English Books | |||
| Non-fiction | Sarojini Nagar | Sarojini Nagar | 15/12/2015 | ABC/IN4654/23.09.2015/111/16.09.2015/30.09.2015 | 799.00 | 005.432 BRE | B-599118 | 1 | 799.00 | English Books | |||
| Non-fiction | Shahdara Branch | Shahdara Branch | 15/12/2015 | ABC/IN4654/23.09.2015/111/16.09.2015/30.09.2015 | 799.00 | 005.432 BRE | B-599120 | 1 | 799.00 | English Books |
